Statistics for Cricket Players with the Most Test Runs

Click here to take the quiz!

General Stats

  • This quiz has been taken 64 times
    (8 since last reset)
  • The average score is 9 of 20

Answer Stats

CountryRunsPlayer% Correct
India15921Sachin Tendulkar
88%
Australia13378Ricky Ponting
75%
South Africa9265Graeme Smith
63%
Australia9685Steve Smith
63%
England12472Alastair Cook
50%
West Indies11953Brian Lara
50%
England8900Graham Gooch
50%
South Africa13289Jacques Kallis
50%
England11736Joe Root
50%
Sri Lanka12400Kumar Sangakkara
50%
India13288Rahul Dravid
50%
India8848Virat Kohli
50%
Australia11174Alan Border
38%
South Africa9282Hashim Amla
38%
Australia10927Steve Waugh
38%
Pakistan10099Younis Khan
38%
Sri Lanka11814DPMD Jayawardene
25%
Pakistan8832Javed Miandad
25%
West Indies11867S Chanderpaul
25%
India10122Sunil Gavaskar
0%

Score Distribution

Percentile by Number Answered

Percent of People with Each Score

Your Score History

You have not taken this quiz since the last reset